ARRUPE JESUIT UNIVERSITY

CORONAVIRUS -STOP THE SPREAD - CLEAN,DISINFECT,COVER

The Germans (Record no. 131052)

MARC details
000 -LEADER
fixed length control field 00816nam a22002057a 4500
008 - FIXED-LENGTH DATA ELEMENTS--GENERAL INFORMATION
fixed length control field 211101b ||||| |||| 00| 0 eng d
020 ## - INTERNATIONAL STANDARD BOOK NUMBER
International Standard Book Number 0231105622
050 ## - LIBRARY OF CONGRESS CALL NUMBER
Classification number DD197.5.E4513 1996
100 ## - MAIN ENTRY--PERSONAL NAME
Personal name Elias, Nobert
9 (RLIN) 50832
245 ## - TITLE STATEMENT
Title The Germans
Remainder of title power struggles and the development of habitus in the nineteenth and twentieth centuries
Statement of responsibility, etc /by Nobert Elias
260 ## - PUBLICATION, DISTRIBUTION, ETC. (IMPRINT)
Place of publication, distribution, etc New York:
Name of publisher, distributor, etc Columbia University Press,
Date of publication, distribution, etc c1996.
300 ## - PHYSICAL DESCRIPTION
Extent xvi, 494p.
Dimensions 24cm.
650 ## - SUBJECT ADDED ENTRY--TOPICAL TERM
Topical term or geographic name as entry element Germany
General subdivision Politics and government
Chronological subdivision 1789-1900
9 (RLIN) 50833
650 ## - SUBJECT ADDED ENTRY--TOPICAL TERM
Topical term or geographic name as entry element Germany
General subdivision Politics and government
Chronological subdivision 20th century
9 (RLIN) 50834
650 ## - SUBJECT ADDED ENTRY--TOPICAL TERM
Topical term or geographic name as entry element National characteristics, German
9 (RLIN) 41610
650 ## - SUBJECT ADDED ENTRY--TOPICAL TERM
Topical term or geographic name as entry element Nationalism
Geographic subdivision Germany
9 (RLIN) 50835
650 ## - SUBJECT ADDED ENTRY--TOPICAL TERM
Topical term or geographic name as entry element Political culture
Geographic subdivision Germany
9 (RLIN) 50836
700 ## - ADDED ENTRY--PERSONAL NAME
Personal name Edited /by Michael Schroter
9 (RLIN) 50940
942 ## - ADDED ENTRY ELEMENTS (KOHA)
Source of classification or shelving scheme Library of Congress Classification
Item type Monograph ( Printed materials)
Holdings
Withdrawn status Lost status Source of classification or shelving scheme Damaged status Not for loan Collection code Home library Current library Shelving location Date acquired Total Checkouts Full call number Barcode Date last seen Copy number Price effective from Koha item type
    Library of Congress Classification     Main Collection ARRUPE LIBRARY ARRUPE LIBRARY Main Collection 01/11/2021   DD197.5.E4513 1996 46600007720 01/11/2021 1 01/11/2021 Monograph ( Printed materials)

 

Arrupe Library. PO Box MP320 Mt Pleasant, Harare, Zimbabwe
263 242 745411|librarian@aju.ac.zw